| 000 | 01087cab a2200265 4500 | ||
|---|---|---|---|
| 001 | ABS50294 | ||
| 008 | 090401t1994 xxu||||| |||| 00| 0 eng d | ||
| 035 | _a(Sirsi) u98188 | ||
| 041 | _aeng | ||
| 100 | _aBruhl, M. | ||
| 245 | _aCentralism vs Federalism: implications for regional diversification | ||
| 260 | _c1994 | ||
| 350 | _a0 | ||
| 490 |
_aJournal of Property Valuation and Investment _v12(1) 1994, 59-73(15) |
||
| 520 | _aDiscusses portfolio theory and property investment to provide a framework for the study, then examines centralism and federalism and their implications for regional diversification in the context of economic and political developments in Europe. Finally the authors present some preliminary exporatory analysis of differential regional performance in Germany and France. | ||
| 650 | _aFRANCE | ||
| 650 | _aGERMANY | ||
| 650 | _aINSTITUTIONAL INVESTMENT | ||
| 650 | _aPORTFOLIO THEORY | ||
| 650 | _aPROPERTY INVESTMENT | ||
| 690 | _aPROPERTY-PROPERTY FINANCE AND INVESTMENT | ||
| 700 | _aLizieri, C. | ||
| 942 | _n0 | ||
| 948 | _c04/03/1997 | ||
| 999 |
_c59745 _d59745 |
||